Effect of rice husk charcoal and fertilizer on sweet corn at royal university of agriculture, ប្រសិទ្ធភាពធ្យូងអង្កាម និងជីគីមីលើដំណាំពោតផ្អែមនៅសាកលវិទ្យាល័យភូមិន្ទកសិកម្ម (Record no. 1675)

000 -LEADER
fixed length control field 00681nam a22001577a 4500
003 - CONTROL NUMBER IDENTIFIER
control field OSt
005 - DATE AND TIME OF LATEST TRANSACTION
control field 20151002144249.0
008 - FIXED-LENGTH DATA ELEMENTS--GENERAL INFORMATION
fixed length control field 151002b xxu||||| |||| 00| 0 eng d
040 ## - CATALOGING SOURCE
Transcribing agency RUA
082 ## - DEWEY DECIMAL CLASSIFICATION NUMBER
Classification number AGR EM2012 B050 Or.1
100 ## - MAIN ENTRY--PERSONAL NAME
9 (RLIN) 1773
Personal name EM, VECHETH
245 ## - TITLE STATEMENT
Title Effect of rice husk charcoal and fertilizer on sweet corn at royal university of agriculture, ប្រសិទ្ធភាពធ្យូងអង្កាម និងជីគីមីលើដំណាំពោតផ្អែមនៅសាកលវិទ្យាល័យភូមិន្ទកសិកម្ម
260 ## - PUBLICATION, DISTRIBUTION, ETC. (IMPRINT)
Place of publication, distribution, etc. Phnom Penh
Name of publisher, distributor, etc. RUA
Date of publication, distribution, etc. 2012
300 ## - PHYSICAL DESCRIPTION
Extent xii; 48p.
Other physical details ill.
Dimensions 29cm.
942 ## - ADDED ENTRY ELEMENTS (KOHA)
Source of classification or shelving scheme
Koha item type AGR
Holdings
Price effective from Date last seen Permanent Location Not for loan Date acquired Source of classification or shelving scheme Koha item type Lost status Withdrawn status Date last checked out Total Checkouts Shelving location Damaged status Barcode Current Location Full call number
2015-10-022017-11-11Library Block B 2015-10-02 AGR  2017-10-253B050 RUA000376Library Block BAGR EM2012 B050 Or.1
មជ្ឈមណ្ឌលឯការនៃសាកលវិទ្យាល័យភូមិន្ទកសិកម្មចំការដូង

Powered by Koha